000 01830cad a22003015a 4500
001 E148141
008 090804s2009 xxkao f 000 0 eng d
020 _a9781905632046
035 _a(Sirsi) u148141
041 0 _aeng
050 0 4 _a658.477 $2 20
245 0 4 _aThe built environment professions in disaster risk reduction and response
_ba guide for humanitarian agencies
_h[electronic resource]
260 _aLondon
_bUniversity of Westminster
_c2009
300 _a39p.
_bcol. ill.
_c30cm. +
_e1 CD
505 2 _aPreface -- Foreword -- The built environment professions in disaster risk reduction and response -- References -- Figures and tables -- Boxes -- Case studies
520 _aSets out the benefits of using built environment professionals in disaster risk reduction and response, and emphasises the need to address this issue early on in the process. Includes case studies. The accompanying CD provides other resources, including additional case studies, the 'Mind the Gap' report produced by RICS in 2006, Article 25's 'Humanitarian and Development Career Information Pack' and documentation on UN-Habitat's Disaster Management Programme and SRR policies.
521 _aIntroductory
590 _aKA
651 4 _aInternational
690 _aBUILT ENVIRONMENT-CONSTRUCTION MANAGEMENT
700 1 _aLloyd-Jones, Tony
_eEditor
710 1 _aRoyal Institution of Chartered Surveyors
_94900
710 1 _aInstitution of Civil Engineers
_91402
710 1 _aRoyal Institute of British Architects
_92527
710 1 _aRoyal Town Planning Institute
_91206
856 4 0 _uhttps://web.archive.org/web/20131114055429/https://www.rtpi.org.uk/media/11206/the_built_environment_professions_in_disaster_risk_reduction_and_response__2009__rtpi_endorsed.pdf
_zView digitally archived copy of this item
942 _n0
_2ddc
999 _c109908
_d109908